| Tag |
First Indicator |
Second Indicator |
Subfields |
| LEADER |
00000cam a2200000 a 4500 |
| 001 |
in00002319085 |
| 005 |
20151109120537.0 |
| 008 |
080429s2008 nsc b 000 0 eng |
| 010 |
|
|
|a 2008396824
|
| 016 |
|
|
|a 20079070221
|
| 020 |
|
|
|a 9781552662656 (pbk.)
|
| 020 |
|
|
|a 1552662659 (pbk.)
|
| 029 |
1 |
|
|a NLC
|b 20079070221
|
| 035 |
|
|
|a (OCoLC)ocn182040298
|
| 035 |
|
|
|a (OCoLC)182040298
|
| 040 |
|
|
|a NLC
|c NLC
|d DLC
|d YDXCP
|d BTCTA
|d BAKER
|d CDX
|d VP@
|d UtOrBLW
|
| 042 |
|
|
|a lccopycat
|
| 043 |
|
|
|a n-cn---
|
| 049 |
|
|
|a TXAM
|
| 050 |
0 |
0 |
|a HV6626.23.C2
|b A33 2008
|
| 055 |
0 |
2 |
|a HV1448*
|
| 055 |
|
3 |
|a HV1448 C3
|b A43 2008
|
| 055 |
0 |
0 |
|a HV1448 C3
|b A33 2008
|
| 082 |
0 |
4 |
|a 362.88082/0971
|2 22
|
| 100 |
1 |
|
|a Adams, Rebekkah.
|
| 245 |
1 |
0 |
|a Glass houses :
|b saving feminist anti-violence agencies from self-destruction /
|c Rebekkah Adams.
|
| 264 |
|
1 |
|a Black Point, N.S. :
|b Fernwood Pub.,
|c [2008]
|
| 264 |
|
4 |
|c ©2008
|
| 300 |
|
|
|a 121 pages ;
|c 23cm.
|
| 336 |
|
|
|a text
|b txt
|2 rdacontent
|
| 337 |
|
|
|a unmediated
|b n
|2 rdamedia
|
| 338 |
|
|
|a volume
|b nc
|2 rdacarrier
|
| 504 |
|
|
|a Includes bibliographical references: (pages 119-121).
|
| 650 |
|
0 |
|a Abused women
|x Services for
|z Canada.
|
| 650 |
|
0 |
|a Women's shelters
|z Canada.
|
| 650 |
|
0 |
|a Women's shelters
|z Canada
|x Administration.
|
| 650 |
|
0 |
|a Women
|z Canada
|x Social conditions.
|
| 650 |
|
0 |
|a Feminist theory
|z Canada.
|
| 650 |
|
0 |
|a Feminists
|z Canada.
|
| 650 |
|
6 |
|a Femmes victimes de violence, Services aux
|z Canada.
|
| 650 |
|
6 |
|a Maisons d'hébergement pour femmes
|z Canada.
|
| 650 |
|
6 |
|a Maisons d'hébergement pour femmes
|z Canada
|x Administration.
|
| 650 |
|
6 |
|a Femmes
|x Conditions sociales.
|
| 650 |
|
6 |
|a Théorie féministe.
|
| 650 |
|
6 |
|a Féministes
|z Canada.
|
| 938 |
|
|
|a YBP Library Services
|b YANK
|n 2764169
|
| 938 |
|
|
|a Baker and Taylor
|b BTCP
|n BK0007678613
|
| 938 |
|
|
|a Baker & Taylor
|b BKTY
|c 15.95
|d 15.95
|i 1552662659
|n 0007678613
|s active
|
| 938 |
|
|
|a Coutts Information Services
|b COUT
|n 6434212
|
| 945 |
|
|
|a PromptCat
|b 510640
|
| 946 |
|
|
|a stk
|
| 947 |
|
|
|a A14836757624
|
| 994 |
|
|
|a 92
|b TXA
|
| 948 |
|
|
|a cataloged
|b h
|d 2008/9/25
|h c
|e asalazar
|f 9:28:36 am
|
| 999 |
|
|
|a MARS
|
| 999 |
f |
f |
|s 36cb3eb1-c967-38d9-8acf-a475af681edc
|i 8a728da1-4d9d-3944-be43-c99cda4af728
|t 0
|
| 952 |
f |
f |
|p normal
|a Texas A&M University
|b College Station
|c Sterling C. Evans Library
|d Evans: Library Stacks
|t 0
|e HV6626.23.C2 A33 2008
|h Library of Congress classification
|i unmediated -- volume
|m A14836757624
|
| 998 |
f |
f |
|a HV6626.23.C2 A33 2008
|t 0
|l Evans: Library Stacks
|